000 00834nam a2200265Ia 4500
003 OSt
005 20220928125013.0
006 a|||||r|||| 00| 0
007 ta
008 220927b |||||||| |||| 00| 0 eng d
020 _c450
024 _a128261
037 _b0360, 10/12/2016, Bookwell Publications
_cTextual
040 _aSDCL
_cSDCL
_beng
041 _2eng
_aeng
082 _aV2y7M88, Q5
100 _aKalam A. P. J. Abdul
_9391795
245 0 _aTranscendence
_b My spiritual experiences with Pramukh Swamiji
260 _aNoida
_bHarper Collins Publishers
_c2015
300 _axvi;239p.
_ccm.
650 _aReference
700 _a Tiwari Arun
_9467531
942 _hV2y7M88, Q5
_cTEXL
_2CC
999 _c780392
_d780392